LEADER 01394nam a2200325 u 4500 001 000000139356 003 CaOOAMICUS 005 20140722114125.0 008 140722s2009 it a u000 u ita r 020 $a978-88-581-1065-2 040 $aPUL$bita 082 04$a121.3 100 1 $aFerraris, Maurizio,$d1956-$0(OLS)http://pul/name/32237 245 10$aDocumentalità :$bperchè è necessario lasciar tracce /$cMaurizio Ferraris. 260 $aRoma ;$aBari :$bLaterza,$c©2009. 300 $aXV, 429 p. :$bill. ;$c21 cm 490 1 $aBiblioteca universale Laterza ;$v659 504 $aBibliografia in nota. 650 4$aGnoseologia.$0(OLS)http://pul/subject/1860 650 4$aDocumentazione.$0(OLS)http://pul/subject/23325 650 4$aDocumenti$xAspetti socio-culturali.$0(OLS)http://pul/subject/40663 830 0$aBiblioteca universale (Laterza) ;$v659.$0(OLS)http://pul/title/51 850 $aPUL 852 $aPUL$W1$xSL Filosofia 3$y81$m121. 3 FERMA 1$j160965$qDDC 21$B160409$CPULBib$Z2$F160409 $H124451 $82 941 1 $a9 996 $6020$a978-88-581-1065-2$9(OLS)http://pul/number/155803 996 $6082$a121.3$9(OLS)http://pul/classification/1786 996 $6245$aDocumentalità :$bperchè è necessario lasciar tracce$9(OLS)http://pul/title/176421 996 $6260$aRoma ;$aBari :$bLaterza$9(OLS)http://pul/publisher/57682 LEADER 01460nam a2200313 a 4500 001 000000152988 003 CaOOAMICUS 005 20160718153942.0 008 160718s2016 it u000 u ita r 020 $z978-88-921-0363-4* 032 $aLibriCat 040 $aPUL$bita 082 14$a344.4504 100 1 $aCarusi, Donato.$0(OLS)http://pul/name/66891 245 10$aTentativi di legiferare in materia di "Testamento biologico" :$bcontributo a un dibattito da rianimare /$cDonato Carusi. 260 $aTorino :$bG. Giappichelli,$c©2016. 300 $a133 p. ;$c22 cm. 490 1 $aBibliotheca. Biblioteca di studi giuridici, politici e sociali ;$v08 504 $aBibliografia in nota. 650 04$aTestamento biologico.$0(OLS)http://pul/subject/39750 830 0$aBibliotheca.$pBiblioteca di studi giuridici, politici e sociali ;$v08.$0(OLS)http://pul/title/167948 850 $aPUL 852 $aPUL$W1$xSL Diritto e Scienze Sociali 3$y79$m344. 4504 CARDO 1$j176187$qDDC 21$B178539$CPULBib$Z2$F178539 $H127999 $81 941 1 $a9 996 $6020$z978-88-921-0363-4*$9(OLS)http://pul/number/160659 996 $6082$a344.4504$9(OLS)http://pul/classification/2040 996 $6245$aTentativi di legiferare in materia di "Testamento biologico" :$bcontributo a un dibattito da rianimare$9(OLS)http://pul/title/192420 996 $6260$aTorino :$bG. Giappichelli$9(OLS)http://pul/publisher/49130